|
003 -Nazwa inst., której nr kontr. jest w polu 001 [,]
|
-
- @
- Nazwa instytucji, której n kontrolny jest w polu 001
- NUKAT
|
|
005 -DATA I CZAS OSTATNIEJ MODYFIKACJI [,]
|
-
- @
- pole kontrolne
- 20241231112752.0
|
|
020 -Międzynarod. znormalizowany nr książki - ISBN [ , ]
|
-
- a
- Numer ISBN
- 8385854371
|
|
040 -Instytucja sporządzająca opis [ , ]
|
-
- a
- Instytucja, która sporządziła opis (NP)
- KR 295/MG
-
- c
- Instytucja, która sporządziła rekord (NP)
- KR 295/MG
-
- d
- Instytucja, która zmodyfikowała rekord (P)
- KR 295/MG
-
- d
- Instytucja, która zmodyfikowała rekord (P)
- KR 295/MAGs
-
- d
- Instytucja, która zmodyfikowała rekord (P)
- Ł U/TKs
|
|
041 -Język dokumentu [1, ]
|
-
- a
- Język tekstu (P)
- polski
-
- a
- Język tekstu (P)
- angielski
-
- a
- Język tekstu (P)
- francuski
-
- b
- Język streszczeń lub abstraktu (P)
- rosyjski
-
- b
- Język streszczeń lub abstraktu (P)
- francuski
-
- b
- Język streszczeń lub abstraktu (P)
- angielski
-
- h
- Język tekstu oryginalnego i/lub pośredniego (P)
- angielski
-
- h
- Język tekstu oryginalnego i/lub pośredniego (P)
- francuski
-
- h
- Język tekstu oryginalnego i/lub pośredniego (P)
- polski
|
|
942 -Rodzaj dokumentu [ , ]
|
-
- c
- Rodzaj dokumentu
- Książka
|
|
500 -Uwaga ogólna [ , ]
|
-
- a
- Uwaga ogólna (NP)
- W publikacji wykorzystano teksty referatów wygłoszonych podczas konferencji: "Tożsamość, odmienność, tolerancja a kultura pokoju", która odbyła się w dniach 5-7 grudnia 1995 r. w Lublinie.
|
|
504 -Uwaga dot. bibliogr. załącznikowej [ , ]
|
-
- a
- Uwaga dot. bibliografii załącznikowej
- Bibliografia przy rozdziałach.
|
|
546 -Uwaga dot. języka [ , ]
|
-
- a
- Uwaga dot. języka
- Równol. z tekstem pol., ang. i fr. i tł. w jęz. ang., fr. i pol.
|
|
546 -Uwaga dot. języka [ , ]
|
-
- a
- Uwaga dot. języka
- Streszcz. w jęz. pol., fr. i ang.
|
|
546 -Uwaga dot. języka [ , ]
|
-
- a
- Uwaga dot. języka
- Spis treści także w jęz. ros.
|
|
700 -Hasło dodatkowe - nazwa osobowa [1, ]
|
-
- a
- Nazwa osobowa (NP)
- Kłoczowski, Jerzy
-
- d
- Daty biograficzne (NP)
- (1924-2017).
-
- e
- Określenie rodzaju współpracy
- Red.
-
|
|
700 -Hasło dodatkowe - nazwa osobowa [1, ]
|
-
- a
- Nazwa osobowa (NP)
- Łukasiewicz, Sławomir
-
- d
- Daty biograficzne (NP)
- (1972- ).
-
- e
- Określenie rodzaju współpracy
- Red.
-
|
|
700 -Hasło dodatkowe - nazwa osobowa [1, ]
|
-
- a
- Nazwa osobowa (NP)
- Paprocka-Piotrowska, Urszula.
-
- e
- Określenie rodzaju współpracy
- Tł.
-
|
|
700 -Hasło dodatkowe - nazwa osobowa [1, ]
|
-
- a
- Nazwa osobowa (NP)
- Piotrowski, Sebastian.
-
- e
- Określenie rodzaju współpracy
- Tł.
-
|
|
700 -Hasło dodatkowe - nazwa osobowa [1, ]
|
-
- a
- Nazwa osobowa (NP)
- Klimkowski, Konrad.
-
- e
- Określenie rodzaju współpracy
- Tł.
-
|
|
700 -Hasło dodatkowe - nazwa osobowa [1, ]
|
-
- a
- Nazwa osobowa (NP)
- Budynek-Ó'cróinin, Katarzyna.
-
- e
- Określenie rodzaju współpracy
- Tł.
-
|
|
700 -Hasło dodatkowe - nazwa osobowa [1, ]
|
-
- a
- Nazwa osobowa (NP)
- Ó'cróinin, Breandon.
-
- e
- Określenie rodzaju współpracy
- Tł.
-
|